Fragments of history: India's freedom movement and after (Record no. 491979)

000 -LEADER
fixed length control field 00420cam a22001337a 4500
008 - FIXED-LENGTH DATA ELEMENTS--GENERAL INFORMATION
fixed length control field 180718b1982 xxu||||| |||| 00| 0 eng d
082 ## - DEWEY DECIMAL CLASSIFICATION NUMBER
Classification number A6x54 P192
100 ## - MAIN ENTRY--PERSONAL NAME
Personal name Pandit, H.N.
245 ## - TITLE STATEMENT
Title Fragments of history: India's freedom movement and after
Statement of responsibility, etc. by H.N. Pandit
260 ## - PUBLICATION, DISTRIBUTION, ETC.
Place of publication, distribution, etc. New Delhi
Name of publisher, distributor, etc. Sterling
Date of publication, distribution, etc. 1982
300 ## - PHYSICAL DESCRIPTION
Extent 299p.
650 ## - SUBJECT ADDED ENTRY--TOPICAL TERM
Topical term or geographic name entry element India - History
650 ## - SUBJECT ADDED ENTRY--TOPICAL TERM
Topical term or geographic name entry element India - History - Autonomy and independence movements
Holdings
Withdrawn status Lost status Damaged status Not for loan Permanent Location Current Location Date acquired Full call number Barcode Date last seen Price effective from Koha item type
        Indian Institute of Public Administration Indian Institute of Public Administration 2018-08-04 A6x54 P192 GR15855 2018-08-04 2018-08-04 GR

Powered by Koha